000
00317 a2200157 4500
001
191403
020
_a
85-354-0091-5
040
_c
Magnum
100
_a
Luft, Lya
240
1
0
_a
Secreta mirada
_l
por
245
1
0
_a
Secreta mirada
300
_a
262
362
0
_a
1997
697
_a
LITERATURA JUVENIL
942
_c
BK
999
_c
191403
_d
191403